Como fundar un recurso : nuevos consejos elementales para abogados jóvenes /
Guardado en:
| Autor Principal: | |
|---|---|
| Formato: | Libro |
| Publicado: |
Buenos Aires :
Abeledo-perrot
|
| Materias: | |
| Etiquetas: |
Agregar Etiqueta
Sin Etiquetas, Sea el primero en etiquetar este registro!
|
| LEADER | 01389nam a22002175a 4500 | ||
|---|---|---|---|
| 001 | CEM.cems010984 | ||
| 005 | 20071218212328.0 | ||
| 008 | 130507b######################000#0#####d | ||
| 003 | CEMS | ||
| 020 | |a 9502005546 | ||
| 082 | 0 | 4 | |a 345.726 |
| 100 | 1 | |a Carrió, Genaro R. | |
| 245 | 1 | 0 | |a Como fundar un recurso : |b nuevos consejos elementales para abogados jóvenes / |c Genaro R. Carrió |
| 260 | |a Buenos Aires : |b Abeledo-perrot | ||
| 300 | |a 130 p. | ||
| 505 | 0 | |a Introducción - El recurso de revocatoria - El recurso de apelación - El recurso extraordinario: dos variedades de recurso extraordinario ; el recurso extraordinario en su alcance tradicional - Relación del expediente - La cuestión federal - Descripción precisa de la cuestión federal - Incidencia de la decisión federal en el resultado de la litis (Relación directa) - Fundamentos críticos de la decisión adversa a la cuestión federal - Sentencia definitiva - Superior tribunal de la causa - Decisión adversa - Otros requisitos formales - Planeamiento oportuno de la cuestión federal - Suficiente fundamentación del recurso - Sobre una y otra variedad - El recurso extraordinario por sentencia arbitraria - El recurso de queja - Conclusión | |
| 653 | |a Recurso legal | ||
| 653 | |a Derecho | ||
| 653 | |a Abogacía | ||
| 653 | |a Recurso de revocatoria | ||
| 859 | |a CEMS |b BIB. CEMS - 11 de abril |h 345.726 |i C235 |p 21780.02 |t Ej.1 | ||
